HANDBOOK OF MICROBIOLOGY AND PARASITOLOGY (Record no. 32910)

MARC details
000 -LEADER
fixed length control field 00361nam a22001577a 4500
003 - CONTROL NUMBER IDENTIFIER
control field SGT
020 ## - INTERNATIONAL STANDARD BOOK NUMBER
International Standard Book Number 978-81-7473-289-7
082 ## - DEWEY DECIMAL CLASSIFICATION NUMBER
Classification number 616.01
Item number PAN
100 ## - MAIN ENTRY--PERSONAL NAME
Personal name PANDA, DR. U.N.
245 ## - TITLE STATEMENT
Title HANDBOOK OF MICROBIOLOGY AND PARASITOLOGY
250 ## - EDITION STATEMENT
Edition statement 3RD
260 ## - PUBLICATION, DISTRIBUTION, ETC. (IMPRINT)
Place of publication, distribution, etc INDIA
Name of publisher, distributor, etc AITBS PUB.
Year of Publication 2026
300 ## - PAGE DESCRIPTION
No. of Pages 178
650 ## - SUBJECT ADDED ENTRY--TOPICAL TERM
Topical term or geographic name as entry element MICROBIOLOGY
942 ## - ADDED ENTRY ELEMENTS (KOHA)
Source of classification or shelving scheme Dewey Decimal Classification
Koha item type Books
Holdings
Withdrawn status Lost status Source of classification or shelving scheme Damaged status Not for loan Collection code Home library Current library Shelving location Date acquired Vendor Name Cost, normal purchase price SGTU Bill Number Full call number Accession No. (Barcode) Date last seen Bill Date Koha item type Total Checkouts
    Dewey Decimal Classification   Not For Loan SCIENCE SGT Science & Social Sciences Library SGT Science & Social Sciences Library Reference Book 27/10/2025 ABC 249.00 SGTU 21721 616.01 PAN DP735 27/10/2025 17/09/2025 Books  
    Dewey Decimal Classification     SCIENCE SGT Science & Social Sciences Library SGT Science & Social Sciences Library Text Book 27/10/2025 ABC 249.00 SGTU 21721 616.01 PAN DP736 27/10/2025 17/09/2025 Books  
    Dewey Decimal Classification     SCIENCE SGT Science & Social Sciences Library SGT Science & Social Sciences Library Text Book 27/10/2025 ABC 249.00 SGTU 21721 616.01 PAN DP737 27/10/2025 17/09/2025 Books  
    Dewey Decimal Classification     SCIENCE SGT Science & Social Sciences Library SGT Science & Social Sciences Library Text Book 27/10/2025 ABC 249.00 SGTU 21721 616.01 PAN DP738 27/10/2025 17/09/2025 Books  
    Dewey Decimal Classification     SCIENCE SGT Science & Social Sciences Library SGT Science & Social Sciences Library Text Book 27/10/2025 ABC 249.00 SGTU 21721 616.01 PAN DP739 27/10/2025 17/09/2025 Books  
    Dewey Decimal Classification     SCIENCE SGT Science & Social Sciences Library SGT Science & Social Sciences Library Text Book 27/10/2025 ABC 249.00 SGTU 21721 616.01 PAN DP740 27/10/2025 17/09/2025 Books  
    Dewey Decimal Classification     SCIENCE SGT Science & Social Sciences Library SGT Science & Social Sciences Library Text Book 27/10/2025 ABC 249.00 SGTU 21721 616.01 PAN DP741 27/10/2025 17/09/2025 Books  
    Dewey Decimal Classification     SCIENCE SGT Science & Social Sciences Library SGT Science & Social Sciences Library Text Book 27/10/2025 ABC 249.00 SGTU 21721 616.01 PAN DP742 27/10/2025 17/09/2025 Books